La historia del tango /

Guardado en:
Autor Principal: Martini, Juan Carlos
Formato: Libro
Publicado: Buenos Aires : Corregidor, 1976
Series:Serie Mayor; No. 164
Materias:
Etiquetas: Agregar Etiqueta
Sin Etiquetas, Sea el primero en etiquetar este registro!
LEADER 00780nam a22002175a 4500
001 CEM.cems008959
005 20090918092346.0
008 130507s1976##################000#0#####d
003 CEMS
082 0 4 |a 784.4 
100 1 |a Martini, Juan Carlos 
245 1 0 |a La historia del tango /  |c Coordinado Por Juan Carlos Martini 
260 |a Buenos Aires :  |b Corregidor,  |c 1976 
300 |a 144 p. 
490 0 |a Serie Mayor; No. 164 
505 0 |a Historia paralelas / Jorge B. Rivera -- Orígenes musicales / Blas Matamoro -- Orígenes de la letra de tango / José Gobello -- Tango, vocablo controvertido / José Gobello 
653 |a Música 
653 |a Tango 
653 |a Historia del tango 
653 |a Tango-historia 
859 |a CEMS  |b BIB. CEMS - 11 de abril  |h 784.4  |i M366  |p 18529.95  |t Ej.1  |v 1  |3 1